000
00291nam a2200121Ia 4500
005
20260328104248.0
008
260328s9999||||xx |||||||||||||| ||und||
100
_a
Inn, Henry
245
0
_a
Chinese Houses and Garden /
_c
Henry Inn
260
_b
Hastings House
650
_a
CHINA
942
_c
BK
999
_c
10135
_d
10135